Gran Enciclopedia de los Deportes

Kaydedildi:
Detaylı Bibliyografya
Materyal Türü: Kitap
Dil:İspanyolca
Baskı/Yayın Bilgisi: Madrid Cultural 1999
Edisyon:1a. ed
Konular:
Etiketler: Etiketle
Etiket eklenmemiş, İlk siz ekleyin!

MARC

LEADER 00000nam a2200000 a 4500
001 UCH5431
003 CL-VaPUC
008 091014e19990000SP |||||||||||||||||spa|d
020 |a 848055021X 
020 |a 8480550163v.1 
020 |a 8480550171v.2 
020 |a 848055018Xv.3 
020 |a 8480550198v.4 
020 |a 8480550201v.5 
082 0 4 |a 796.01  |b GRA  |2 21 
245 1 0 |a Gran Enciclopedia de los Deportes 
250 |a 1a. ed 
300 |a 5 v 
942 |c BK 
945 |d 20091014 00:00:00  |a ccalabra 
260 |a Madrid  |b Cultural  |c 1999 
650 0 |a Educación física  |9 240893 
650 0 |a Deportes  |9 224367 
650 0 |a Acondicionamiento físico  |9 487594 
650 7 |a DEPORTES ACUATICOS  |2 CL-VaPUC  |9 262007 
650 7 |a DEPORTES CON BALON  |2 CL-VaPUC  |9 541698 
650 7 |a DEPORTES AL AIRE LIBRE  |2 CL-VaPUC  |9 541699 
650 7 |a DEPORTES DE COMBATE  |2 CL-VaPUC  |9 341527 
650 7 |a DEPORTISTAS  |2 CL-VaPUC  |9 541700 
650 7 |a TECNICAS DEPORTIVAS  |2 CL-VaPUC  |9 541701 
650 7 |a DEPORTES Y RECREACION  |2 CL-VaPUC  |9 395922 
583 |a last modification  |c 20091014 00:00:00  |k Rodrigo Vera 
999 |c 336571  |d 336569